Catálogo de la Biblioteca Horacio González - Universidad Nacional de General Sarmiento

Lectoescritura : (Registro nro. 51679)

Detalles MARC
000 -CABECERA
campo de control de longitud fija 01373nam a22003850a 4500
001 - NÚMERO DE CONTROL
campo de control PT17794
003 - IDENTIFICADOR DEL NÚMERO DE CONTROL
campo de control AR-LpoUNG
005 - FECHA Y HORA DE LA ÚLTIMA TRANSACCIÓN
campo de control 20260120160707.0
008 - DATOS DE LONGITUD FIJA--INFORMACIÓN GENERAL
campo de control de longitud fija 201001s2004||||ag |||||||||||||||||spa d
020 ## - NÚMERO INTERNACIONAL ESTÁNDAR DEL LIBRO
Número Internacional Estándar del Libro 9879300602
Condiciones de disponibilidad $5.55
040 ## - FUENTE DE LA CATALOGACIÓN
Centro catalogador/agencia de origen AR-LpoUNG
Lengua de catalogación spa
Normas de descripción aacr
041 ## - CÓDIGO DE LENGUA
Código de lengua del texto/banda sonora o título independiente spa
044 ## - CÓDIGO DEL PAÍS DE LA ENTIDAD EDITORA/PRODUCTORA
Código MARC del país ag
082 0# - NÚMERO DE LA CLASIFICACIÓN DECIMAL DEWEY
Número de clasificación 410 231lec
100 1# - ENTRADA PRINCIPAL--NOMBRE DE PERSONA
Nombre de persona Adelstein, Andreína
245 10 - MENCIÓN DE TÍTULO
Título Lectoescritura :
Resto del título para el Curso de Aprestamiento Universitario
250 ## - MENCIÓN DE EDICIÓN
Mención de edición 1ra. ed.
260 ## - PUBLICACIÓN, DISTRIBUCIÓN, ETC.
Lugar de publicación, distribución, etc. Buenos Aires :
Nombre del editor, distribuidor, etc. Universidad Nacional de General Sarmiento,
Fecha de publicación, distribución, etc. 2004.
300 ## - DESCRIPCIÓN FÍSICA
Extensión 188 p. :
Otras características físicas il.
490 0# - MENCIÓN DE SERIE
Mención de serie Textos básicos
520 ## - SUMARIO, ETC.
Sumario, etc. Este material tiene por objeto orientar un trabajo que garantice el desarrollo, por parte del estudiante, de las habilidades de lectura y escritura mínimas que le faciliten el acceso a la universidad, acceso que esto significa la inserción en un ámbito específico de conocimiento y de lenguaje, que tiene sus propias convenciones discursivas y genéricas.
650 #4 - PUNTO DE ACCESO ADICIONAL DE MATERIA--TÉRMINO DE MATERIA
Término de materia o nombre geográfico como elemento de entrada GRAMATICA
650 #4 - PUNTO DE ACCESO ADICIONAL DE MATERIA--TÉRMINO DE MATERIA
Término de materia o nombre geográfico como elemento de entrada LINGÜISTICA
650 #4 - PUNTO DE ACCESO ADICIONAL DE MATERIA--TÉRMINO DE MATERIA
Término de materia o nombre geográfico como elemento de entrada SINTAXIS
700 1# - PUNTO DE ACCESO ADICIONAL--NOMBRE DE PERSONA
Nombre de persona Inza, Marta
700 1# - PUNTO DE ACCESO ADICIONAL--NOMBRE DE PERSONA
Nombre de persona Kornfeld, Laura
700 1# - PUNTO DE ACCESO ADICIONAL--NOMBRE DE PERSONA
Nombre de persona Kuguel, Inés
700 1# - PUNTO DE ACCESO ADICIONAL--NOMBRE DE PERSONA
Nombre de persona López Casanova, Martina
700 1# - PUNTO DE ACCESO ADICIONAL--NOMBRE DE PERSONA
Nombre de persona Muslip, Eduardo
700 1# - PUNTO DE ACCESO ADICIONAL--NOMBRE DE PERSONA
Nombre de persona Peralta, Dante A. J.
700 1# - PUNTO DE ACCESO ADICIONAL--NOMBRE DE PERSONA
Nombre de persona Pereira, Cecilia
700 1# - PUNTO DE ACCESO ADICIONAL--NOMBRE DE PERSONA
Nombre de persona Resnik, Gabriela
905 ## - ELEMENTOS DE DATOS E LOCAL, LDE (RLIN)
a 17794
942 ## - ELEMENTOS DE PUNTO DE ACCESO ADICIONAL (KOHA)
Tipo de ítem Koha Libro
Fuente del sistema de clasificación o colocación Dewey Decimal Classification
Existencias
Estado de retiro Estado de pérdida Estado dañado No para préstamo Código de colección Localización permanente Ubicación/localización actual Fecha de adquisición Total de préstamos Signatura topográfica completa Código de barras Fecha visto por última vez Precio válido a partir de Tipo de ítem Koha Fuente del sistema de clasificación o colocación Fecha del último préstamo En préstamo Renovaciones totales
        Colección Ediciones UNGS Biblioteca Universidad Nacional de General Sarmiento Biblioteca Universidad Nacional de General Sarmiento 01/02/2021   410 231lec CUNGS1189 01/02/2021 01/02/2021 Libro        
Retirado     No es para préstamo Colección Ediciones UNGS Biblioteca Universidad Nacional de General Sarmiento Biblioteca Universidad Nacional de General Sarmiento 01/02/2021   410 231lec CUNGS1262 01/02/2021 01/02/2021 Libro Dewey Decimal Classification      
        Colección General Biblioteca Universidad Nacional de General Sarmiento Biblioteca Universidad Nacional de General Sarmiento 01/02/2021   410 231lec 00019590 01/02/2021 01/02/2021 Libro        
        Colección General Biblioteca Universidad Nacional de General Sarmiento Biblioteca Universidad Nacional de General Sarmiento 01/02/2021 1 410 231lec 00019591 09/09/2024 01/02/2021 Libro   02/09/2024    
        Colección General Biblioteca Universidad Nacional de General Sarmiento Biblioteca Universidad Nacional de General Sarmiento 01/02/2021 1 410 231lec 00019592 29/09/2023 01/02/2021 Libro   29/09/2023 06/10/2023  
        Colección General Biblioteca Universidad Nacional de General Sarmiento Biblioteca Universidad Nacional de General Sarmiento 01/02/2021 3 410 231lec 00019595 20/03/2025 01/02/2021 Libro   19/02/2025   1
Retirado     No es para préstamo Colección General Biblioteca Universidad Nacional de General Sarmiento Biblioteca Universidad Nacional de General Sarmiento 01/02/2021   410 231lec 00019597 01/02/2021 01/02/2021 Libro Dewey Decimal Classification      
        Colección General Biblioteca Universidad Nacional de General Sarmiento Biblioteca Universidad Nacional de General Sarmiento 01/02/2021   410 231lec 00019601 01/02/2021 01/02/2021 Libro        
        Colección General Biblioteca Universidad Nacional de General Sarmiento Biblioteca Universidad Nacional de General Sarmiento 01/02/2021   410 231lec 00019603 01/02/2021 01/02/2021 Libro        
        Colección General Biblioteca Universidad Nacional de General Sarmiento Biblioteca Universidad Nacional de General Sarmiento 01/02/2021   410 231lec S00019600 01/02/2021 01/02/2021 Lectura en Sala        
        Colección General Biblioteca Universidad Nacional de General Sarmiento Biblioteca Universidad Nacional de General Sarmiento 19/03/2023   410 231lec 00068167 19/03/2023 19/03/2023 Libro Dewey Decimal Classification